000 01260nam0a22002771 4500
001 rc\4988903
005 20250613062847.0
021 _aRU
_b[60-30888ж]
035 _a(NLR Aleph) 008986375
090 _a9218389
_c9218389
100 _a20130430d1960 |||y0rusy50 ca
101 0 _arus
102 _aRU
105 _aa z |||||
200 1 _aСамородная сера
_e(Геология месторождений, добыча и переработка руд)
_e[Сборник статей]
_fПод ред. Н.А. Афанасьева [и др.]
210 _aМосква
_cГосгортехиздат
_d1960
215 _a484 с., 1 л. схем.
_cил.
_d23
225 1 _aГосударственный комитет Совета Министров СССР по химии. Труды Государственного научно-исследовательского института горнохимического сырья ГИГХС
_vВып. 6
320 _aБиблиогр. в конце книги
606 _aСера самородная
_jСборники
_2psbo
702 1 _aАфанасьев
_bН.А.
_4340
801 0 _aRU
_bNLR
_gpsbo
801 1 _aRU
_bELAR
_2rusmarc
852 _aNLR
_jП10/944
942 _cBOOK
980 _aNB